LEADER 03753nam 2200661 450 001 9910464274203321 005 20210520012213.0 010 $a1-5015-0083-X 010 $a1-61451-229-9 024 7 $a10.1515/9781614512295 035 $a(CKB)3360000000514960 035 $a(EBL)1046680 035 $a(SSID)ssj0001560520 035 $a(PQKBManifestationID)16193450 035 $a(PQKBTitleCode)TC0001560520 035 $a(PQKBWorkID)14825153 035 $a(PQKB)10176049 035 $a(MiAaPQ)EBC1046680 035 $a(DE-B1597)179087 035 $a(OCoLC)917873548 035 $a(OCoLC)952798986 035 $a(DE-B1597)9781614512295 035 $a(Au-PeEL)EBL1046680 035 $a(CaPaEBR)ebr11072705 035 $a(CaONFJC)MIL807958 035 $a(OCoLC)913088227 035 $a(EXLCZ)993360000000514960 100 $a20150716h20152015 uy 0 101 0 $aeng 135 $aurun#---|u||u 181 $ctxt 182 $cc 183 $acr 200 10$aDescriptive grammar of Bangla /$fAnne Boyle David ; edited by Thomas J. Conners, Dustin A. Chaco?n 210 1$aBerlin, [Germany] :$cDe Gruyter Mouton,$d2015. 210 4$d©2015 215 $a1 online resource (354 p.) 225 1 $aMouton-CASL Grammar Series ;$vVolume 2 300 $aDescription based upon print version of record. 311 0 $a1-61451-302-3 320 $aIncludes bibliographical references and index. 327 $tFront matter --$tForeword --$tSeries Editors' Preface --$tPreface --$tContents --$tList of Figures. List of Tables --$t1 About this Grammar --$t2 The Bangla Language --$t3 Phonology and Orthography --$t4 Bangla as a South Asian Language --$t5 Nouns --$t6 Pronouns and Other Pro-forms --$t7 Noun Modifiers --$t8 Other Word Classes and Processes --$t9 Verbs --$t10 Syntax /$rConners, Thomas J. / Chacón, Dustin A. --$tReferences Cited --$tA The Digital Grammar /$rMaxwell, Michael / Conners, Thomas / Boyle David, Anne --$tB Unicode Representation --$tIndex 330 $aBangla is spoken as the majority language in Bangladesh and the state of West Bengal in India, and as a minority language in several other Indian states. With almost 200 million native speakers, it ranks among the top ten languages in the world in number of speakers. Based on both primary and secondary materials, the CASL Bangla grammar provides comprehensive coverage of the phonology, orthography, morphology, and syntax of Bangla. Plentiful examples of naturally-occurring sentences provide native orthography, Romanization, and morpheme-by-morpheme glossing along with free translations. Unlike many Romanizations of Bangla, our system eschews Sanskritic influence and instead reflects actual Bangla phonology. We also offer comparative information of use to linguists, highlighting features of Bangla shared with the South Asian sprachbund, such as light verb constructions, as well as those that differentiate Bangla from its Indo-Aryan relatives; for example, its unique NP structure. Written in an accessible style from a theory-neutral perspective, this work will be of use to linguistic researchers, language scholars, and students of Bangla. A formal grammar focusing on the morphology is an available companion work. 410 0$aMouton-CASL grammar series ;$vVolume 2. 606 $aBengali language$xGrammar 608 $aElectronic books. 615 0$aBengali language$xGrammar. 676 $a491.445 700 $aDavid$b Anne Boyle$01026189 702 $aConners$b Thomas J. 702 $aChaco?n$b Dustin A. 801 0$bMiAaPQ 801 1$bMiAaPQ 801 2$bMiAaPQ 906 $aBOOK 912 $a9910464274203321 996 $aDescriptive grammar of Bangla$92440973 997 $aUNINA LEADER 04338 am 2200817 n 450 001 9910136927803321 005 20150611 010 $a2-916125-35-3 024 7 $a10.4000/books.alpara.1195 035 $a(CKB)3710000000718661 035 $a(FrMaCLE)OB-alpara-1195 035 $a(oapen)https://directory.doabooks.org/handle/20.500.12854/41688 035 $a(PPN)198370148 035 $a(EXLCZ)993710000000718661 100 $a20160602j|||||||| ||| 0 101 0 $afre 135 $auu||||||m|||| 181 $ctxt$2rdacontent 182 $cc$2rdamedia 183 $acr$2rdacarrier 200 10$aAutour du groupe épiscopal de Grenoble $eDeux millénaires d'histoire /$fFrançois Baucheron, Franck Gabayet, Alain De Montjoye 210 $aLyon $cAlpara$d2015 215 $a1 online resource (336 p.) 311 $a2-906190-20-9 330 $aPendant quatre siècles Cularo, fondée sur une plaine d?inondation au confluent de l?Isère et du Drac, n?est qu?une agglomération moyenne de la cité romaine des Allobroges. Implantée aux confins d?un vaste territoire dont Vienne est le chef-lieu, elle commande un carrefour essentiel vers les Alpes et la vallée du Rhône. Son destin bascule à la fin de l?Antiquité, plus précisément à partir du dernier quart du IIIe s. après J.-C. La ville, transformée en place forte par les empereurs Dioclétien et Maximien, est dotée d?un rempart monumental. Moins d?un siècle plus tard, l?empereur Gratien l?élève au rang de chef-lieu de cité et lui donne son nom : Gratianopolis. Ce changement de statut suscite l?installation presque immédiate d?un siège épiscopal. Le c?ur de la ville se fixe près de la "porte Viennoise" où le nouveau pouvoir religieux choisit d?établir sa cathédrale. Ce volume retrace l?évolution du quartier depuis ses origines romaines et, surtout, l?histoire d?une partie des monuments du complexe épiscopal : le premier baptistère, la cathédrale et son cloître, l?église Saint-Hugues, le palais des évêques, le cimetière paroissial, le rempart médiéval. C?est aussi l?histoire des restaurations de ces édifices qui est abordée, évoquant ainsi, à travers l?exemple de Grenoble, les débats permanents qui tournent autour de la notion même de patrimoine. Il est le fruit de ce qui fonde aujourd?hui l?archéologie urbaine : la fouille en profondeur des sédiments naturels et celle des fondations de constructions disparues, mais aussi la fouille des élévations masquées par les enduits et les constructions adventices. Étroitement associés à l?étude des archives, ces travaux permettent de restituer l?évolution de la topographie urbaine, mettant ainsi en évidence les origines de nos centre-villes qui constituent autant d?histoires particulières. 606 $aHistory & Archaeology 606 $acimetière 606 $aAntiquité 606 $aarchéologie 606 $arempart 606 $apériode moderne 606 $apériode contemporaine 606 $abaptistère 606 $agroupe épiscopal 606 $agroupe cathédral 606 $apalais médiéval 606 $acrypte 610 $ahabitats 610 $atemps modernes 610 $aremparts urbains 610 $aantiquité 610 $acrypte 610 $acimetières 610 $aarchéologie 610 $abaptistère 610 $agroupe cathédral 615 4$aHistory & Archaeology 615 4$acimetière 615 4$aAntiquité 615 4$aarchéologie 615 4$arempart 615 4$apériode moderne 615 4$apériode contemporaine 615 4$abaptistère 615 4$agroupe épiscopal 615 4$agroupe cathédral 615 4$apalais médiéval 615 4$acrypte 700 $aBaucheron$b François$01302512 701 $aGabayet$b Franck$01302513 701 $aDe Montjoye$b Alain$01302514 701 $aBaucheron$b François$01302512 701 $aChancel$b Dominique$01302515 701 $aGabayet$b Franck$01302513 701 $aGuyon$b Jean$0459221 701 $aMontjoye$b Alain de$01302516 801 0$bFR-FrMaCLE 906 $aBOOK 912 $a9910136927803321 996 $aAutour du groupe épiscopal de Grenoble$93026403 997 $aUNINA